| 000 -LEADER |
| fixed length control field |
00511nam a22001817a 4500 |
| 008 - FIXED-LENGTH DATA ELEMENTS--GENERAL INFORMATION |
| fixed length control field |
150610b xxu||||| |||| 00| 0 eng d |
| 041 0# - LANGUAGE CODE |
| Language code of text/sound track or separate title |
eng |
| 080 ## - UNIVERSAL DECIMAL CLASSIFICATION NUMBER |
| Universal Decimal Classification number |
636.03 |
| 100 ## - Rafti |
| Rafti |
Forbis, William H. |
| 245 00 - TITLE STATEMENT |
| Title |
The cowboys, |
| Statement of responsibility, etc |
by the editors of Time-Life Books, with text by William H. Forbis |
| 260 ## - |
| -- |
New York : |
| -- |
Time-Life Books, |
| -- |
[1973] |
| 300 ## - |
| -- |
240 f. : |
| -- |
me il. : |
| -- |
28 cm. |
| 490 ## - |
| -- |
The Old West |
| 505 ## - |
| -- |
Index: f.238-240 |
| 650 #0 - |
| -- |
Cowboys |
| 650 #0 - |
| -- |
Kaubojet |
| 942 ## - ADDED ENTRY ELEMENTS (KOHA) |
| Source of classification or shelving scheme |
|
| Item type |
Books |